Teacher Manual on CCE-IX-X (Record no. 5922)

MARC details
000 -LEADER
fixed length control field 00214nam a22000857a 4500
008 - FIXED-LENGTH DATA ELEMENTS--GENERAL INFORMATION
fixed length control field 170202b xxu||||| |||| 00| 0 eng d
100 ## - MAIN ENTRY--PERSONAL NAME
9 (RLIN) 2744
Personal name CBSE
245 ## - TITLE STATEMENT
Title Teacher Manual on CCE-IX-X
260 ## - PUBLICATION, DISTRIBUTION, ETC. (IMPRINT)
Place of publication, distribution, etc. New Delhi
Name of publisher, distributor, etc. CBSE
Date of publication, distribution, etc. 2009
Holdings
Withdrawn status Lost status Source of classification or shelving scheme Damaged status Koha normalized classification for sorting Not for loan Home library Current library Shelving location Date acquired Total Checkouts Full call number Barcode Date last seen Price effective from Koha item type
    Dewey Decimal Classification   022   Good Samaritan School Library Good Samaritan School Library GENERAL 02/02/2017   -022 CBS8455 02/02/2017 02/02/2017 BOOK
    Dewey Decimal Classification   022   Good Samaritan School Library Good Samaritan School Library GENERAL 02/02/2017   -022 CBS8456 02/02/2017 02/02/2017 BOOK

Powered by Koha